|
|
|
|
| LEADER |
00000nam0a2200000 4500 |
| 001 |
158633 |
| 005 |
20231101222042.0 |
| 020 |
|
|
|a RU
|b 91-9825
|
| 035 |
|
|
|a (RuTPU)RU\TPU\book\172044
|
| 090 |
|
|
|a 158633
|
| 100 |
|
|
|a 20090427d1991 k y0rusy5003 ca
|
| 101 |
0 |
|
|a rus
|
| 102 |
|
|
|a RU
|
| 105 |
|
|
|a a z 001zy
|
| 200 |
1 |
|
|a Синтез структур специализированных средств машинной графики
|f Е. И. Артамонов, В. М. Хачумов
|g Академия наук СССР (АН СССР), Институт проблем управления им. В. А. Трапезникова (ИПУ)
|
| 210 |
|
|
|a Москва
|c ИПУ
|d 1991
|
| 215 |
|
|
|a 145 с.
|c ил.
|
| 320 |
|
|
|a Библиогр.: с. 136-143.
|
| 606 |
|
|
|a Машинная графика
|x Программное обеспечение
|2 stltpush
|3 (RuTPU)RU\TPU\subj\41401
|9 61194
|
| 610 |
1 |
|
|a специализированные средства
|
| 610 |
1 |
|
|a синтез
|
| 610 |
1 |
|
|a теория
|
| 610 |
1 |
|
|a проектирование
|
| 610 |
1 |
|
|a примеры
|
| 610 |
1 |
|
|a математическое обеспечение
|
| 610 |
1 |
|
|a алгоритмы
|
| 675 |
|
|
|a 681.327.1
|v 3
|
| 700 |
|
1 |
|a Артамонов
|b Е. И.
|g Евгений Иванович
|4 070
|
| 701 |
|
1 |
|a Хачумов
|b В. М.
|4 070
|
| 712 |
0 |
2 |
|a Академия наук СССР (АН СССР)
|b Институт проблем управления им. В. А. Трапезникова (ИПУ)
|c (Москва)
|2 stltpush
|3 (RuTPU)RU\TPU\col\6782
|
| 801 |
|
0 |
|a RU
|b RuMRKP
|c 19950417
|g psbo
|
| 801 |
|
1 |
|a RU
|b 63413507
|c 20090427
|g PSBO
|
| 801 |
|
2 |
|a RU
|b 63413507
|c 20180118
|g PSBO
|
| 942 |
|
|
|c BK
|